000 00848cam a2200253 a 4500
001 2981
005 20250826142917.0
020 _a9780590416023
040 _aDLC
_cDLC
_dDLC
_beng
050 0 0 _aPZ8.1.M173
_b1986
082 0 0 _a398.210944
100 1 _aMcGovern, Ann
245 1 0 _aStone soup /
_cby Ann McGovern ; pictures by Winslow Pinney Pels.
260 _aNew York :
_bScholastic,
_c1986
300 _a32 pages :
_bcolor illustrations ;
_c21 cm.
505 _aJ
520 _aWhen the little old lady claims she has no food to give him, a hungry young man proceeds to make a soup with a stone and water.
521 _a480
_bLexile
521 _aJ
_bRaz-Plus
650 1 _aFolklore
_zfiction
700 1 _aPels, Winslow Pinney
_d1947-
_eillustrator
906 _a7
_bcbc
_corignew
_d1
_eocip
_f19
_gy-gencatlg
942 _2ddc
_cBK
_n0
999 _c2981
_d2981